Brawk Stars : Les brawlers rares ( mort subite ) - Statistiques

Statistiques générales
  • Ce quiz a été pris 2 509 fois
  • Le résultat moyen est 6 sur 8
Answers on the Grid
Answers color-coded by a green-red scale on the quiz's grid according to % correct below.
A.R.K.A.D.
Bartaba
Berry
Bo
Brock
Bull
Buzz l'éclair
Carl
Colt
Darryl
Doug
Dynamike
El Costo
Eve
Griff
Gus
Médor
Meeple
Nita
Penny
Poco
Ricochet
Rosa
Shade
Shelly
Spike
Stu
Tick
 
Statistiques - réponses
Réponse % Correct
Bartaba
91%
Colt
82%
Bull
80%
Brock
79%
El Costo
77%
Poco
75%
Nita
72%
Rosa
70%
Aucun quiz correspondant
Distribution des résultats
% des personnes avec chaque résultat
Percentile par nombre de réponses
Votre historique - résultats
Vous n’avez pas pris ce quiz